El Ahorro en los grupos de menores ingresos
Guardat en:
| Format: | Text |
|---|---|
| Etiquetes: |
Afegir etiqueta
Sense etiquetes, Sigues el primer a etiquetar aquest registre!
|
MARC
| LEADER | 00000 a a2200000 04500 | ||
|---|---|---|---|
| 001 | 10262 | ||
| 003 | |||
| 040 | |||
| 245 | |a El Ahorro en los grupos de menores ingresos | ||
| 773 | |g número 29; páginas 1, 3 | ||
| 999 | |c 39208 |d 39208 | ||
